| 000 | 01290nam a2200313Ia 4500 | ||
|---|---|---|---|
| 003 | CO-BoRNBP | ||
| 005 | 20250604155503.0 | ||
| 007 | ta | ||
| 008 | 180109s9999 xx 000 0 und d | ||
| 020 | _a9788494171406 | ||
| 040 |
_aCO-BoRNBP _bspa _erda _cCO-BoRNBP |
||
| 041 | _aspa | ||
| 084 | _aC POE4 | ||
| 100 | 1 | _aPoe, Edgar Allan, 1809-1849 | |
| 245 | 1 | 0 |
_aCuentos grotescos y espeluznantes / _cilustrado por Eugenia Nobati ; traducción Ana Burger, Gerardo Gambolini. |
| 250 | _aPrimera edición. | ||
| 264 | 1 |
_aMadrid : _bUnaLuna;2013 |
|
| 300 |
_a117 páginas : _bilustraciones en color ; _c30 cm |
||
| 336 |
_atexto _btxt _2rdacontent |
||
| 337 |
_asin mediación _bn _2rdamedia |
||
| 338 |
_avolumen _bnc _2rdacarrier |
||
| 490 | 0 | _aFuera de serie | |
| 505 | 0 | _aEl barril del amontillado Berenice La caída de la casa Usher El diablo en el campanario El sistema del doctor Alquitrán y el profesor Pluma. | |
| 650 | 0 | 4 |
_aCuentos Estadounidenses - Siglo XIX _2LEMB _923157 |
| 650 | 0 | 0 |
_aAutores estadounidenses siglo xix audiolibros _2LEMB _959562 |
| 650 | 0 | 0 |
_aLiteratura estadounidense siglo xix audiolibros _2LEMB _959563 |
| 700 | 1 |
_aNobati, Eugenia, 1968- , ilustradora \ Burger, Ana, traductora \ Gambolini, Gerardo, 1955- , traductor _959564 |
|
| 942 |
_2loc _cBK |
||
| 999 |
_c57138 _d57138 |
||